000 00424nam a2200157 a 4500
005 20140412111240.0
008 010420s19uu xx 00 eng d
020 _a0-603-55243-9
050 _aM 808.83
_bSc285 1993
100 _aScarry, Richard
245 _aRichard Scarry's storybook /
_cRichard Scarry.
260 _aLondon :
_bDean,
_c1993.
300 _a76p. ; col. ill.
650 _aShort stories
999 _c102670
_d102670